[Event "EU-ch Amateur U2300"]
[Site "Rhodes"]
[Date "2019.04.06"]
[Round "1"]
[White "Shukan, Alexander"]
[Black "Zherebtsova, Alexandra"]
[Result "0-1"]
[WhiteElo "2088"]
[BlackElo "2203"]
[PlyCount "72"]
[EventDate "2019.04.06"]
[EventType "tourn"]
[EventRounds "9"]
[EventCountry "GRE"]
[SourceTitle "CBM 189 Extra"]
[Source "ChessBase"]
[SourceDate "2019.06.03"]
[SourceVersion "1"]
[SourceVersionDate "2019.06.03"]
[SourceQuality "1"]

1. e4 e5 2. Nf3 Nc6 3. d4 exd4 4. Bc4 Nf6 5. 0-0 Nxe4 6. Re1 d5 7. Bxd5 Qxd5 8. Nc3 Qa5 9. Nxe4 Be6 10. Bd2 Qh5 11. Bg5 h6 12. Bf6 Qd5 13. c3 Ne7 14. c4 Qxc4 15. Rc1 Qb4 16. a3 Qa5 17. b4 Qxa3 18. Rxc7 Nd5 19. Rxb7 Qa6 20. Nd6+ Bxd6 21. Nxd4 Qxb7 22. Nf5 Bxb4 23. Nxg7+ Kd7 24. Re4 Bd6 25. Nh5 Rhb8 26. Re1 Nxf6 27. Nxf6+ Kc7 28. Qa4 Qb5 29. Rc1+ Kb6 30. Qe4 a5 31. Rb1 Bb4 32. Qe3+ Ka6 33. Ne4 Rd8 34. Qf3 Rac8 35. Rf1 Qxf1+ 36. Kxf1 Rc1+ 0-1

[Event "Pobeskydy op"]
[Site "Frydek Mistek"]
[Date "2018.03.29"]
[Round "1"]
[White "Rabatin, Jakub"]
[Black "Shukan, Alexander"]
[Result "1-0"]
[WhiteElo "2285"]
[BlackElo "2119"]
[PlyCount "101"]
[EventDate "2018.03.29"]
[EventType "swiss"]
[EventRounds "9"]
[EventCountry "CZE"]
[SourceTitle "CBM 183 Extra"]
[Source "ChessBase"]
[SourceDate "2018.04.19"]
[SourceVersion "1"]
[SourceVersionDate "2018.04.19"]
[SourceQuality "1"]

1. e4 e6 2. d4 d5 3. Nd2 Nf6 4. e5 Nfd7 5. Bd3 c5 6. c3 Nc6 7. Ne2 cxd4 8. cxd4 Qb6 9. Nf3 f6 10. exf6 Nxf6 11. 0-0 Bd6 12. Bf4 Bxf4 13. Nxf4 0-0 14. Qd2 Ne4 15. Qe3 Qc7 16. g3 g5 17. Ne2 g4 18. Bxe4 dxe4 19. Ng5 e5 20. d5 Ne7 21. Rac1 Qb6 22. Qxe4 Bf5 23. Qxe5 Rae8 24. Rc7 Qf6 25. Qxf6 Rxf6 26. Nf4 h6 27. Nge6 Nxd5 28. Nxd5 Rfxe6 29. Ne3 Be4 30. Nxg4 Bf3 31. Ne3 Rd6 32. Rfc1 Rd2 33. Rc8 Rxc8 34. Rxc8+ Kf7 35. Rc2 Rd7 36. h3 h5 37. Kh2 Kf6 38. g4 Be4 39. Rc4 Ke5 40. gxh5 Kf4 41. Ng2+ Kf3 42. Nh4+ Kf4 43. Ng6+ Kf5 44. f3 Bb1 45. Kg3 b6 46. a3 Kg5 47. Ne5 Rd2 48. Rc7 a5 49. b4 Rd5 50. bxa5 Rxe5 51. f4+ 1-0

[Event "Novokuznetsk-ch HL"]
[Site "Novokuznetsk"]
[Date "2011.04.??"]
[Round "8"]
[White "Chernov, Mikhail"]
[Black "Shukan, Alexander"]
[Result "1-0"]
[WhiteElo "2141"]
[BlackElo "2169"]
[PlyCount "97"]
[EventDate "2011.04.29"]
[EventType "swiss"]
[EventRounds "8"]
[EventCountry "RUS"]
[SourceTitle "EXT 2013"]
[Source "ChessBase"]
[SourceDate "2012.11.22"]
[SourceVersion "1"]
[SourceVersionDate "2012.11.22"]
[SourceQuality "1"]

1. e4 d5 2. exd5 Qxd5 3. Nc3 Qd6 4. d4 Nf6 5. Nf3 a6 6. g3 Bg4 7. Bg2 e6 8. 0-0 Nc6 9. Bf4 Qd8 10. h3 Bh5 11. g4 Bg6 12. Ne5 Nxd4 13. Bxb7 Bxc2 14. Qd2 Rb8 15. Bg2 Rxb2 16. Nc6 Nxc6 17. Bxc6+ Nd7 18. Rac1 Bd6 19. Bxd6 cxd6 20. Rxc2 Rxc2 21. Qxc2 0-0 22. Bxd7 Qxd7 23. Rb1 Qc6 24. Qb3 h5 25. gxh5 Qf3 26. Nd1 Qxh5 27. Qd3 f5 28. Qxd6 Qxh3 29. Qxe6+ Kh7 30. Qe3 Qh5 31. Kg2 Qg4+ 32. Kf1 f4 33. Qe4+ g6 34. Rb7+ Kh6 35. Qh1+ Kg5 36. Qg2 Rc8 37. Qxg4+ Kxg4 38. Rb6 Rc1 39. Rxg6+ Kf5 40. Rd6 Ra1 41. Rd2 f3 42. Kg1 Kf4 43. Kh2 a5 44. Ne3 Ke4 45. Nc4 a4 46. Nb6 Re1 47. Nxa4 Re2 48. Rxe2+ fxe2 49. Nc3+ 1-0

[Event "Novokuznetsk Goryainov op"]
[Site "Novokuznetsk"]
[Date "2010.08.18"]
[Round "7"]
[White "Shukan, Alexander"]
[Black "Petrukhina, Irina"]
[Result "1/2-1/2"]
[WhiteElo "2232"]
[BlackElo "2084"]
[PlyCount "95"]
[EventDate "2010.08.12"]
[EventType "swiss"]
[EventRounds "9"]
[EventCountry "RUS"]
[SourceTitle "CBM 138 Extra"]
[Source "ChessBase"]
[SourceDate "2010.10.29"]
[SourceVersion "1"]
[SourceVersionDate "2010.10.29"]
[SourceQuality "1"]

1. e4 c5 2. Nc3 Nc6 3. g3 g6 4. d3 Bg7 5. Be3 b5 6. Qd2 b4 7. Nd1 d5 8. Bxc5 Qa5 9. exd5 Qxc5 10. dxc6 Qxc6 11. f3 Nf6 12. Bg2 Bb7 13. Qxb4 0-0 14. Ne2 Rab8 15. Qd2 Rbc8 16. Ne3 Nd5 17. c3 Rfd8 18. 0-0 Qb6 19. d4 e5 20. Nxd5 Bxd5 21. Kh1 Bc4 22. Rfe1 Bxe2 23. Rxe2 exd4 24. cxd4 Bxd4 25. Qf4 Bxb2 26. Rb1 Be5 27. Qe4 Rd4 28. Rxb6 Rxe4 29. Rxe4 axb6 30. Rxe5 Rc1+ 31. Bf1 Rxf1+ 32. Kg2 Rb1 33. Re2 b5 34. f4 b4 35. f5 Kg7 36. Rf2 gxf5 37. Rxf5 b3 38. axb3 Rxb3 39. Kh3 Kg6 40. Ra5 f5 41. Ra6+ Kg5 42. Ra8 Rb6 43. Rg8+ Rg6 44. Rf8 Rb6 45. Ra8 Rg6 46. Rh8 Rh6+ 47. Kg2 f4 48. gxf4+ 1/2-1/2

[Event "Berdsk Maestro op 16th"]
[Site "Berdsk"]
[Date "2010.07.15"]
[Round "8"]
[White "Parkhomenko, Alexander"]
[Black "Shukan, Alexander"]
[Result "0-1"]
[WhiteElo "1988"]
[BlackElo "2180"]
[PlyCount "58"]
[EventDate "2010.07.08"]
[EventType "swiss"]
[EventRounds "9"]
[EventCountry "RUS"]
[SourceTitle "EXT 2011"]
[Source "ChessBase"]
[SourceDate "2010.11.26"]
[SourceVersion "1"]
[SourceVersionDate "2010.11.26"]
[SourceQuality "1"]

1. d4 d5 2. c4 e5 3. dxe5 d4 4. Nf3 Nc6 5. a3 Bg4 6. Bf4 Nge7 7. Nbd2 Ng6 8. Bg5 Be7 9. Bxe7 Qxe7 10. Qb3 Ngxe5 11. 0-0-0 0-0-0 12. Nxe5 Nxe5 13. Nf3 d3 14. exd3 Nxf3 15. gxf3 Bxf3 16. Bh3+ Kb8 17. Rhe1 Bxd1 18. Qxd1 Qd6 19. Re3 Rhe8 20. Rg3 Qf4+ 21. Qd2 Qxd2+ 22. Kxd2 g6 23. b4 Re5 24. Bg4 Rde8 25. Rg1 h5 26. Bf3 Rf5 27. Rg3 h4 28. Rh3 Rf4 29. Kc3 g5 0-1

[Event "Berdsk Maestro op 16th"]
[Site "Berdsk"]
[Date "2010.07.10"]
[Round "3"]
[White "Shukan, Alexander"]
[Black "Dolgusheva, Izabella"]
[Result "1/2-1/2"]
[WhiteElo "2180"]
[BlackElo "2093"]
[PlyCount "135"]
[EventDate "2010.07.08"]
[EventType "swiss"]
[EventRounds "9"]
[EventCountry "RUS"]
[SourceTitle "EXT 2011"]
[Source "ChessBase"]
[SourceDate "2010.11.26"]
[SourceVersion "1"]
[SourceVersionDate "2010.11.26"]
[SourceQuality "1"]

1. e4 c5 2. Nc3 Nc6 3. g3 g6 4. d3 Bg7 5. Be3 d6 6. Qd2 e5 7. Bg2 Nge7 8. Bh6 Bxh6 9. Qxh6 Nd4 10. Qd2 b5 11. Nge2 Rb8 12. 0-0 0-0 13. f4 Kg7 14. Nc1 b4 15. Nd1 f6 16. c3 bxc3 17. bxc3 Ndc6 18. Ne3 Ba6 19. Ne2 Qd7 20. h4 Rb7 21. f5 Rfb8 22. Ng4 Ng8 23. Bh3 Rb2 24. Qe3 Qf7 25. Rf2 Rb1+ 26. Rxb1 Rxb1+ 27. Nc1 c4 28. d4 exd4 29. cxd4 Nxd4 30. Qxd4 Rxc1+ 31. Kh2 Qe7 32. Ne3 Qc7 33. fxg6 hxg6 34. Be6 Qc5 35. Qd2 Rb1 36. Nd5 c3 37. Nxc3 Rf1 38. Rxf1 Bxf1 39. Nd5 Qc4 40. Bxg8 Kxg8 41. Nxf6+ Kf7 42. Qf2 Qe2 43. Qxe2 Bxe2 44. Nd5 Bf3 45. Nc7 Bxe4 46. Nb5 Ke6 47. Nxa7 Kd5 48. Nb5 Kc5 49. Nc3 Bf3 50. Kg1 Kc4 51. Nb1 Bc6 52. Kf2 Kd3 53. g4 d5 54. h5 gxh5 55. gxh5 Be8 56. h6 Bg6 57. a4 Kc4 58. a5 Kb5 59. Nc3+ Kxa5 60. Nxd5 Kb5 61. Kg3 Kc5 62. Nf6 Kd6 63. Kf4 Ke6 64. Kg5 Bc2 65. Ne8 Kf7 66. Nd6+ Kg8 67. Kf6 Kh7 68. Nf7 1/2-1/2

[Event "Novokuznetsk Summer op"]
[Site "Novokuznetsk"]
[Date "2010.06.21"]
[Round "7"]
[White "Shukan, Alexander"]
[Black "Sitnikov, Dmitrij"]
[Result "0-1"]
[WhiteElo "2232"]
[BlackElo "2423"]
[PlyCount "90"]
[EventDate "2010.06.15"]
[EventType "swiss"]
[EventRounds "11"]
[EventCountry "RUS"]
[SourceTitle "EXT 2011"]
[Source "ChessBase"]
[SourceDate "2010.11.26"]
[SourceVersion "1"]
[SourceVersionDate "2010.11.26"]
[SourceQuality "1"]

1. Nf3 d5 2. g3 c6 3. Bg2 Bg4 4. 0-0 Nd7 5. d4 e6 6. Nbd2 f5 7. c4 Ngf6 8. Qb3 Rb8 9. Ng5 Qe7 10. Qe3 e5 11. dxe5 Qxe5 12. Ndf3 Qxe3 13. Bxe3 dxc4 14. Bxa7 Ra8 15. Bd4 Bc5 16. Ne6 Bxf3 17. exf3 Bxd4 18. Nxd4 g6 19. Ne6 Ke7 20. Rfe1 Kd6 21. Bf1 b5 22. Ng7 Nc5 23. Rad1+ Nd5 24. b4 cxb3 25. axb3 Rhg8 26. b4 Rxg7 27. bxc5+ Kxc5 28. Re6 Ra3 29. f4 Rga7 30. h4 Ra1 31. Rd2 R7a2 32. Rd3 Rc1 33. Kg2 b4 34. h5 gxh5 35. Rh6 Rc3 36. Rxh5 Ne3+ 37. Rxe3 Rxe3 38. Rxf5+ Kd4 39. Rf6 Rc3 40. Rd6+ Kc5 41. Rd8 Rcc2 42. Bd3 Rxf2+ 43. Kh3 Rh2+ 44. Kg4 b3 45. f5 b2 0-1

[Event "Novokuznetsk Summer op"]
[Site "Novokuznetsk"]
[Date "2010.06.19"]
[Round "5"]
[White "Shukan, Alexander"]
[Black "Anokhin, Viktor T"]
[Result "1-0"]
[WhiteElo "2232"]
[BlackElo "2100"]
[PlyCount "71"]
[EventDate "2010.06.15"]
[EventType "swiss"]
[EventRounds "11"]
[EventCountry "RUS"]
[SourceTitle "EXT 2011"]
[Source "ChessBase"]
[SourceDate "2010.11.26"]
[SourceVersion "1"]
[SourceVersionDate "2010.11.26"]
[SourceQuality "1"]

1. e4 c6 2. Nc3 d5 3. Nf3 Bg4 4. h3 Bxf3 5. Qxf3 e6 6. d3 Bd6 7. Be2 Nd7 8. 0-0 Ngf6 9. Bf4 Qc7 10. Bxd6 Qxd6 11. exd5 exd5 12. Qe3+ Qe5 13. Qxe5+ Nxe5 14. f4 Ng6 15. g4 0-0-0 16. Rae1 Ne8 17. g5 Nd6 18. Bg4+ Kb8 19. f5 Nh4 20. Ne2 h5 21. gxh6 Rxh6 22. Ng3 g6 23. fxg6 Rxg6 24. Kh2 Rdg8 25. Nh5 f5 26. Be2 Rg2+ 27. Kh1 Re8 28. Nf4 Rg3 29. Bh5 Ree3 30. Rxe3 Rxe3 31. Kg1 Rg3+ 32. Kf2 Rg7 33. Rg1 Re7 34. Rg8+ Kc7 35. Kg3 Ne8 36. Rxe8 1-0

[Event "Novokuznetsk op"]
[Site "Novokuznetsk"]
[Date "2010.05.06"]
[Round "6"]
[White "Lomantsov, Evgenij"]
[Black "Shukan, Alexander"]
[Result "1-0"]
[WhiteElo "2319"]
[BlackElo "2232"]
[PlyCount "47"]
[EventDate "2010.05.01"]
[EventType "swiss"]
[EventRounds "9"]
[EventCountry "RUS"]
[SourceTitle "EXT 2011"]
[Source "ChessBase"]
[SourceDate "2010.11.26"]
[SourceVersion "1"]
[SourceVersionDate "2010.11.26"]
[SourceQuality "1"]

1. e4 e6 2. d4 d5 3. Nd2 dxe4 4. Nxe4 Bd7 5. Nf3 Bc6 6. Bd3 Nd7 7. 0-0 Ngf6 8. Qe2 Nxe4 9. Bxe4 Bxe4 10. Qxe4 c6 11. Bf4 Qa5 12. c4 0-0-0 13. c5 Qb4 14. Rfe1 Nf6 15. Qc2 Be7 16. Bd2 Qb5 17. a4 Qa6 18. b4 Kb8 19. b5 cxb5 20. axb5 Qxb5 21. Bf4+ Kc8 22. Reb1 Qc6 23. Rxa7 Qd5 24. Qa4 1-0

[Event "Novokuznetsk op"]
[Site "Novokuznetsk"]
[Date "2010.05.04"]
[Round "4"]
[White "Shukan, Alexander"]
[Black "Medvedev, Emelian"]
[Result "0-1"]
[WhiteElo "2232"]
[BlackElo "2112"]
[PlyCount "106"]
[EventDate "2010.05.01"]
[EventType "swiss"]
[EventRounds "9"]
[EventCountry "RUS"]
[SourceTitle "EXT 2011"]
[Source "ChessBase"]
[SourceDate "2010.11.26"]
[SourceVersion "1"]
[SourceVersionDate "2010.11.26"]
[SourceQuality "1"]

1. d4 d5 2. Nc3 Nf6 3. Bg5 Bf5 4. f3 Nbd7 5. e3 c6 6. Bd3 Bxd3 7. Qxd3 Qb6 8. 0-0-0 Qa5 9. Bxf6 Nxf6 10. e4 e6 11. exd5 cxd5 12. Qb5+ Qxb5 13. Nxb5 Kd7 14. Rd3 a6 15. Nc3 b5 16. Nge2 Bd6 17. Kd2 Rhc8 18. g3 Rc6 19. Rc1 Rac8 20. Nd1 Bc7 21. Ne3 Ne8 22. Ng4 f6 23. Re3 Nd6 24. b3 Ba5+ 25. Kd1 b4 26. Nf2 Bb6 27. f4 Nb5 28. Rd3 Nc3+ 29. Nxc3 Rxc3 30. Kd2 Rxd3+ 31. Kxd3 Rc3+ 32. Kd2 Bxd4 33. Nd3 a5 34. g4 e5 35. fxe5 fxe5 36. Rf1 e4 37. Nf4 Be3+ 38. Kd1 Bxf4 39. Rxf4 Rf3 40. Rxf3 exf3 41. Kd2 Ke6 42. Ke3 Ke5 43. Kxf3 Kd4 44. Ke2 Kc3 45. Kd1 g5 46. Kc1 d4 47. Kb1 Kd2 48. Kb2 Ke3 49. Kc1 Ke2 50. h3 h6 51. Kb1 Kf3 52. a3 Kg3 53. c4 dxc3 0-1